Multisignálové meranie svalovej činnosti pomocou bezdrôtového holtera

Saved in:
Bibliographic Details
Main Author: Libič, Róbert (Author)
Other Authors: Vavrinský, Erik (Thesis advisor)
Format: Manuscript Book
Language:Slovak
Published: 2015
Subjects:
Online Access:http://is.stuba.sk/zp/portal_zp.pl?podrobnosti=96782
Tags: Add Tag
No Tags, Be the first to tag this record!

MARC

LEADER 00000ntm a22000003a 4500
001 stuzp51358
003 SK-STU
005 20160719153830.8
007 ta
008 150427s2015----xo-----f-mn---000-0-slo-d
040 |a STU  |b slo 
041 0 |a slo 
100 1 |a Libič, Róbert  |u 033000  |4 aut  |U FEI Fakulta elektrotechniky a informatiky  |T FEI Ústav elektroniky a fotoniky  |X 47358  |U E030  |Y 549  |7 47358 
242 0 1 |a Simultaneous EMG, MMG a EIM measurement of human muscles using a single wireless holter  |y eng 
245 1 0 |a Multisignálové meranie svalovej činnosti pomocou bezdrôtového holtera 
260 |c 2015 
300 |a 40 s.  |b CD-ROM 
650 4 |a Elektromyografia  |2 slo 
650 4 |a Mechanomyografia  |2 slo 
650 4 |a Elektrická impedančná myografia  |2 slo 
650 4 |a Electromyography  |2 eng 
650 4 |a Mechanomyography  |2 eng 
650 4 |a Electric impedance myography  |2 eng 
700 1 |a Vavrinský, Erik  |4 ths  |X 2614  |7 A000002614 
856 4 |u http://is.stuba.sk/zp/portal_zp.pl?podrobnosti=96782 
996 |b 284ER01779  |c E*Bc- 1779  |l EE33  |s P  |a 0  |w stuzp51358_0001 
SQL |a stuzp51358  |b DBP  |c SLO  |d Multisignálové meranie svalovej činnosti pomocou bezdrôtového holtera  |e 47358  |f Libič, Róbert  |g 033000  |h 2614  |i Vavrinský, Erik  |j 20150706  |k 74  |l 03  |m http://is.stuba.sk/zp/portal_zp.pl?podrobnosti=96782  |n B-AUE  |o 5.2.13. elektronika